| 000 | 00549nam a22002057a 4500 | ||
|---|---|---|---|
| 003 | CUTN | ||
| 005 | 20250131165837.0 | ||
| 008 | 250131b |||||||| |||| 00| 0 eng d | ||
| 020 | _a9788180941030 | ||
| 041 | _aEnglish | ||
| 082 |
_a635 _bSHE |
||
| 100 | _aSheela, V. L. | ||
| 245 |
_aHorticulture / _cSheela, V. L. |
||
| 260 |
_aChennai : _bMJP Publishers, _c2023. |
||
| 300 |
_a374p. : _bill.; _c7.44 x 9.69 x 0.82 inches |
||
| 650 | _aPlant propagation | ||
| 650 | _aOrnamental horticulture | ||
| 690 | _aHorticulture | ||
| 942 |
_2ddc _cBOOKS |
||
| 999 |
_c43983 _d43983 |
||